Japanese vocab (adjectives) - Statistics

General Stats
  • This quiz has been taken 5 times
  • The average score is 21 of 36
Answer Stats
Hint Answer % Correct
Thick/fat Futoi
80%
Early Hayai
80%
Left Hidari
80%
Hard/rigid Katai
80%
Pretty/clean Kireina
80%
In front Mae
80%
Right (Direction) Migi
80%
Same/identical or anyway Onaji
80%
Slow Osoi
80%
Expensive Takai
80%
Lots Takusan
80%
Enjoyable Tanoshii
80%
Above Ue
80%
Cheap Yasui
80%
Shallow Asai
60%
Dangerous Kikenna
60%
Dirty Kitanai
60%
Disgusting Mazui
60%
Short (time/distance) Mijikai
60%
Lively Nigiyakana
60%
Under Shita
60%
Loud/noisy Urusai
60%
Behind Ushiro
60%
Weak Yowai
60%
Safe Anzenna
40%
Near Chikaku
40%
Old (objects) Furui
40%
Awful/terrible Hidoi
40%
Late Osoku
40%
Polite Teineina
40%
Opposite side/bottom/back/rear Ura
40%
Soft Yawarakai
40%
Worldwide / worldfamous Sekai-tekina
20%
Far Toui
20%
Wet Nureta
0%
Clean/hygienic Seiketsuna
0%
No matching quizzes found
Score Distribution
Percent of People with Each Score
Percentile by Number Answered
Your Score History
You have not taken this quiz